| 000 | 00447cam a22001337a 4500 | ||
|---|---|---|---|
| 008 | 180718b1933 xxu||||| |||| 00| 0 eng d | ||
| 082 | _aB73x5421 Ut8b | ||
| 100 | _aUnited Provinces. Benares Municipal Board Inquiry Committee | ||
| 245 | _aReport of the Banares Municipal Board Inquiry Committee | ||
| 260 |
_aAllahabad _bThe author _c1933 |
||
| 300 | _a252+p. | ||
| 500 | _aChairman: Iqbal Narayan Gurtu | ||
| 700 | _aGurtu, Iqbal Narain (Chairman) | ||
| 999 |
_c488525 _d488525 |
||